000 00862nam a22001935i 4500
001 162842
003 ES-MaACL
005 20230906212620.0
008 021009s1891 sp |||| | spa d
040 _aCCPB | B
_bspa
_cCCPB | B
100 1 _aQuintana Trueba, Vicente de.
_9131524
245 1 0 _aEstudio fisiológico del jugo gástrico /
_cpor Vicente de Quintana Trueba.
260 _aMadrid :
_b[s.n.],
_c1891 (
_festablecimiento tipográfico de Juan Cayetano García)
300 _a38 p. ;
_c20 cm.
594 1 _aPrecede al tít.: "Tesis del doctorado"
650 4 _aJugo gástrico-
_xFisiología.
_9148551
852 _aES-MaACL
_jT-562-F-7
_z-- Enc. hol., conservando la enc. original
_z-- Enc. en un vol. facticio
856 _uhttp://bibliotecadigitalhispanica.bne.es:80/webclient/DeliveryManager?pid=1831443&custom_att_2=simple_viewer
_zIr a la página
999 _c162842
_d162842